[Event "Burjassot U2200 op 5th"]
[Site "Burjassot"]
[Date "2017.09.15"]
[Round "2"]
[White "Castillo Pla, Emilio"]
[Black "Nunez Diaz, Daniel"]
[Result "1-0"]
[WhiteElo "1871"]
[BlackElo "1556"]
[PlyCount "49"]
[EventDate "2017.09.08"]
[EventType "swiss"]
[EventRounds "7"]
[EventCountry "ESP"]
[SourceTitle "EXT 2024"]
[Source "ChessBase"]
[SourceDate "2023.10.10"]
[SourceVersion "1"]
[SourceVersionDate "2023.10.10"]
[SourceQuality "1"]

1. e4 d5 2. exd5 Qxd5 3. Nc3 Qa5 4. d4 c6 5. Nf3 Bf5 6. Bd3 Bxd3 7. Qxd3 Nf6 8. 0-0 Nbd7 9. b4 Qc7 10. Ne2 Nd5 11. c4 Nxb4 12. Qc3 e6 13. a3 Na6 14. Rb1 Nb6 15. Qb3 0-0-0 16. Bf4 Qe7 17. c5 Nd5 18. Bd6 Qd7 19. Ne5 Bxd6 20. Nxd7 Bxh2+ 21. Kxh2 Rxd7 22. Ng3 h5 23. Ne4 h4 24. Nd6+ Kb8 25. Qd3 1-0

[Event "Sueca op 2nd"]
[Site "Sueca"]
[Date "2016.07.28"]
[Round "5.11"]
[White "Castillo Pla, Emilio"]
[Black "Salvador Lopez, Daniel"]
[Result "0-1"]
[WhiteElo "1910"]
[BlackElo "2140"]
[PlyCount "40"]
[EventDate "2016.07.25"]
[EventType "swiss"]
[EventRounds "8"]
[EventCountry "ESP"]
[SourceTitle "EXT 2024"]
[Source "ChessBase"]
[SourceDate "2023.10.10"]
[SourceVersion "1"]
[SourceVersionDate "2023.10.10"]
[SourceQuality "1"]

1. e4 c6 2. d4 d5 3. exd5 cxd5 4. c4 Nf6 5. Nc3 Nc6 6. cxd5 Nxd5 7. Nf3 Bg4 8. Be2 e6 9. 0-0 Be7 10. h3 Bh5 11. Qb3 Nb6 12. g4 Bg6 13. Rd1 0-0 14. d5 exd5 15. Nxd5 Nxd5 16. Rxd5 Qc7 17. Bd2 a6 18. Bc3 Be4 19. Rdd1 Bd6 20. Qc4 Bxf3 0-1

[Event "Sueca op 2nd"]
[Site "Sueca"]
[Date "2016.07.26"]
[Round "2.5"]
[White "Castillo Pla, Emilio"]
[Black "Fenollar Jorda, Manuel"]
[Result "0-1"]
[WhiteElo "1910"]
[BlackElo "2338"]
[PlyCount "94"]
[EventDate "2016.07.25"]
[EventType "swiss"]
[EventRounds "8"]
[EventCountry "ESP"]
[SourceTitle "EXT 2024"]
[Source "ChessBase"]
[SourceDate "2023.10.10"]
[SourceVersion "1"]
[SourceVersionDate "2023.10.10"]
[SourceQuality "1"]

1. e4 e5 2. Nf3 Nc6 3. Bb5 a6 4. Ba4 Nf6 5. d3 b5 6. Bb3 Bc5 7. c3 d6 8. a4 Rb8 9. axb5 axb5 10. Nbd2 0-0 11. 0-0 Bb6 12. h3 Nh5 13. Re1 Qf6 14. Nf1 Qg6 15. Nh4 Qf6 16. Nf5 Bxf5 17. exf5 Qxf5 18. Be3 Nf6 19. Bxb6 Rxb6 20. Re3 Rbb8 21. Rf3 Qg6 22. Rg3 Qh5 23. Qd2 Ra8 24. Rxa8 Rxa8 25. Ne3 Ne7 26. Kh2 Kf8 27. Rf3 c6 28. Bd1 Qh6 29. Rg3 Nf5 30. Rf3 Nxe3 31. Rxe3 Nd5 32. Re2 Qxd2 33. Rxd2 f5 34. c4 Nb4 35. cxb5 cxb5 36. Bb3 Ke7 37. f4 Ra1 38. g4 g6 39. gxf5 gxf5 40. fxe5 dxe5 41. d4 e4 42. Kg3 Rf1 43. Kg2 Rf3 44. Bd1 Rd3 45. Rxd3 Nxd3 46. b3 Kd6 47. Bc2 Ne1+ 0-1

[Event "Sueca op 1st"]
[Site "Sueca"]
[Date "2015.07.28"]
[Round "2"]
[White "Castillo Pla, Emilio"]
[Black "Torres Sanchez, Jose"]
[Result "0-1"]
[WhiteElo "1934"]
[BlackElo "2286"]
[PlyCount "116"]
[EventDate "2015.07.27"]
[EventType "swiss"]
[EventRounds "8"]
[EventCountry "ESP"]
[SourceTitle "EXT 2016"]
[Source "ChessBase"]
[SourceDate "2015.10.08"]
[SourceVersion "1"]
[SourceVersionDate "2015.10.08"]
[SourceQuality "1"]

1. e4 c5 2. c3 d5 3. exd5 Qxd5 4. d4 g6 5. Nf3 Bg7 6. Be3 cxd4 7. cxd4 Nf6 8. Nc3 Qa5 9. Bc4 0-0 10. 0-0 Nbd7 11. Re1 Nb6 12. Bb3 Nbd5 13. Bd2 Nxc3 14. Bxc3 Qd8 15. h3 e6 16. Ne5 Nd5 17. Qf3 Qd6 18. Rad1 b6 19. Nc4 Qc7 20. Ne5 Bb7 21. Qg3 Rac8 22. Qg4 Nf6 23. Qf4 Bd5 24. Bb4 Rfd8 25. Rc1 Qb7 26. Bd2 Rxc1 27. Rxc1 Bxb3 28. axb3 h6 29. Bc3 Rc8 30. Re1 Nd5 31. Qg3 Ne7 32. Qg4 h5 33. Qf4 Nf5 34. g4 hxg4 35. hxg4 Nh4 36. Qg3 Bxe5 37. Qxh4 Bg7 38. g5 Rd8 39. Re3 Rd5 40. Rh3 Qe7 41. Qh7+ Kf8 42. Rf3 Qxg5+ 43. Kf1 a5 44. Qh2 Qd8 45. b4 Kg8 46. Qf4 Rf5 47. Qe3 Rxf3 48. Qxf3 axb4 49. Bxb4 Bxd4 50. Bc3 e5 51. Ke2 Bxc3 52. Qxc3 Qd5 53. b4 Kg7 54. f4 Qe4+ 55. Qe3 Qxe3+ 56. Kxe3 exf4+ 57. Kxf4 Kf6 58. b5 g5+ 0-1

[Event "Alzira op 4th"]
[Site "Alzira"]
[Date "2014.12.29"]
[Round "6"]
[White "Gonzalvez Tamarit, Ivan"]
[Black "Castillo Pla, Emilio"]
[Result "1-0"]
[WhiteElo "1801"]
[BlackElo "1957"]
[PlyCount "169"]
[EventDate "2014.12.27"]
[EventType "swiss"]
[EventRounds "7"]
[EventCountry "ESP"]
[SourceTitle "CBM 164 Extra"]
[Source "ChessBase"]
[SourceDate "2015.03.02"]
[SourceVersion "1"]
[SourceVersionDate "2015.03.02"]
[SourceQuality "1"]

1. d4 g6 2. c4 Nf6 3. Nc3 c5 4. d5 e6 5. e4 exd5 6. cxd5 d6 7. Nge2 Bg7 8. Ng3 0-0 9. Be2 a6 10. a4 Re8 11. 0-0 Nbd7 12. Bg5 h6 13. Be3 Rb8 14. Qd2 Kh7 15. f3 Ne5 16. h3 Ned7 17. Nh1 Nf8 18. Nf2 Bd7 19. a5 Bc8 20. Na4 N6d7 21. Rab1 b5 22. axb6 Nxb6 23. Nxb6 Rxb6 24. b4 Nd7 25. b5 Ne5 26. Ng4 Nxg4 27. hxg4 Qc7 28. Kf2 g5 29. f4 f6 30. Qa5 Re7 31. f5 axb5 32. Rxb5 Rxb5 33. Qxc7 Rxc7 34. Bxb5 Ra7 35. Rb1 Bf8 36. Be2 Be7 37. Rb8 Bd7 38. Bb5 Bxb5 39. Rxb5 Bd8 40. Bd2 Bc7 41. Bc3 Kg7 42. Ke2 Bd8 43. Kd2 Kf7 44. Kc2 Ke7 45. Kb3 Kd7 46. Bb2 Kc8 47. Bc3 Kd7 48. Bb2 Ke7 49. Bc3 Kf7 50. Bb2 Re7 51. Rb8 Ba5 52. Ra8 Rb7+ 53. Kc2 Be1 54. Rh8 Kg7 55. Rd8 Bg3 56. Bc3 Bf4 57. Ra8 Be5 58. Ra6 Bf4 59. Kd3 Rc7 60. Ra4 Kf7 61. Bd2 Be5 62. Bc3 Bf4 63. Kc4 Rb7 64. Ra8 Be5 65. Ra5 Bxc3 66. Kxc3 Rb4 67. Ra7+ Ke8 68. Ra8+ Ke7 69. Ra7+ Kd8 70. Kd3 Rb3+ 71. Kc4 Re3 72. Rf7 Rxe4+ 73. Kc3 Rxg4 74. Rxf6 Rxg2 75. Rxd6+ Ke7 76. Rxh6 Rf2 77. Kc4 Rxf5 78. Kxc5 Kf7 79. Kc6 g4 80. d6 Rf1 81. d7 Rc1+ 82. Kd6 Rd1+ 83. Kc7 Kg7 84. Rd6 Rc1+ 85. Rc6 1-0

[Event "Provincial-ch Xeraco Preferente"]
[Site "Xeraco"]
[Date "2014.11.22"]
[Round "7.1"]
[White "Canamas Soler, Jose Vicente"]
[Black "Castillo Pla, Emilio"]
[Result "1/2-1/2"]
[WhiteElo "1955"]
[BlackElo "1903"]
[PlyCount "178"]
[EventDate "2014.09.27"]
[EventType "swiss"]
[EventRounds "7"]
[EventCountry "ESP"]
[SourceTitle "EXT 2024"]
[Source "ChessBase"]
[SourceDate "2023.10.10"]
[SourceVersion "1"]
[SourceVersionDate "2023.10.10"]
[SourceQuality "1"]

1. Nf3 g6 2. g3 Bg7 3. Bg2 Nf6 4. 0-0 d6 5. d4 0-0 6. c4 Nc6 7. Nc3 a6 8. h3 Bd7 9. e4 e5 10. d5 Ne7 11. Be3 Nh5 12. c5 Qe8 13. Nd2 f5 14. cxd6 cxd6 15. Bg5 b5 16. Bxe7 Qxe7 17. exf5 b4 18. Nce4 Bb5 19. Re1 Rac8 20. Qg4 Bd7 21. Qg5 Qxg5 22. Nxg5 gxf5 23. Rac1 Bb5 24. Ne6 Rfe8 25. Nc7 Red8 26. Nxb5 axb5 27. Bf1 e4 28. Bxb5 Bxb2 29. Rxc8 Rxc8 30. Nc4 Bc3 31. Re2 Rd8 32. Rc2 Bd4 33. Kf1 f4 34. g4 Nf6 35. Bc6 h6 36. Ke2 Kg7 37. Na5 Rc8 38. Rc4 f3+ 39. Kf1 Be5 40. Rxb4 Nxd5 41. Rxe4 Nc3 42. Rc4 Rf8 43. a4 d5 44. Rb4 Rd8 45. Nb3 Rc8 46. Bd7 Rc7 47. Bf5 Na2 48. Rb5 Nc3 49. Rb4 Kf6 50. Ke1 Kg5 51. Nd4 Re7 52. Kd2 Ne4+ 53. Bxe4 dxe4 54. Rb5 Kf6 55. Nf5 Bf4+ 56. Ke1 Rc7 57. Rb1 Rc2 58. Kf1 Ra2 59. Ne3 Ke5 60. a5 Kd4 61. Rd1+ Kc5 62. Nd5 Bd2 63. Nf6 Kd4 64. a6 Ke5 65. Nd7+ Kf4 66. a7 Rxa7 67. Nb6 e3 68. Nd5+ Ke4 69. Nxe3 Bxe3 70. Re1 Kf4 71. Rxe3 Ra1+ 72. Re1 Ra2 73. Re3 Ra1+ 74. Re1 Ra3 75. Kg1 Ra2 76. Rf1 Re2 77. Kh2 Rd2 78. Kg1 Kg5 79. Rc1 Kh4 80. Rc5 Kxh3 81. Rh5+ Kxg4 82. Rxh6 Rd1+ 83. Kh2 Rf1 84. Rg6+ Kf5 85. Rg3 Kf4 86. Rg8 Rxf2+ 87. Kg1 Ra2 88. Kf1 Ke3 89. Re8+ Kf4 1/2-1/2

[Event "Mislata op-B 48th"]
[Site "Mislata"]
[Date "2014.08.12"]
[Round "2"]
[White "Molano Lafuente, Ismael"]
[Black "Castillo Pla, Emilio"]
[Result "1-0"]
[WhiteElo "2035"]
[BlackElo "1887"]
[PlyCount "45"]
[EventDate "2014.08.11"]
[EventType "swiss"]
[EventRounds "9"]
[EventCountry "ESP"]
[SourceTitle "CBM 161 Extra"]
[Source "ChessBase"]
[SourceDate "2014.08.29"]
[SourceVersion "1"]
[SourceVersionDate "2014.08.29"]
[SourceQuality "1"]

1. f4 c5 2. Nf3 d5 3. g3 Nc6 4. Bg2 g6 5. d3 Bg7 6. 0-0 d4 7. Na3 Nh6 8. Bd2 Nf5 9. c3 0-0 10. g4 Nd6 11. h3 e5 12. fxe5 Nxe5 13. Nxe5 Bxe5 14. Bf4 Bxf4 15. Rxf4 Qg5 16. Qd2 h5 17. cxd4 hxg4 18. hxg4 cxd4 19. Nc4 Bxg4 20. Rxg4 Qxg4 21. Nxd6 Rad8 22. Ne4 Rfe8 23. Nf6+ 1-0

[Event "Alzira Christmas op 3rd"]
[Site "Alzira"]
[Date "2013.12.30"]
[Round "7"]
[White "Carrasco Sagredo, Manuel"]
[Black "Castillo Pla, Emilio"]
[Result "0-1"]
[WhiteElo "2148"]
[BlackElo "1917"]
[PlyCount "88"]
[EventDate "2013.12.27"]
[EventType "swiss"]
[EventRounds "7"]
[EventCountry "ESP"]
[SourceTitle "CBM 158 Extra"]
[Source "ChessBase"]
[SourceDate "2014.02.28"]
[SourceVersion "1"]
[SourceVersionDate "2014.02.28"]
[SourceQuality "1"]

1. e4 d6 2. d4 Nf6 3. Nc3 g6 4. Be3 Bg7 5. Qd2 Nc6 6. Bh6 Bxh6 7. Qxh6 Nxd4 8. 0-0-0 e5 9. Nge2 Nxe2+ 10. Bxe2 Be6 11. f4 Qe7 12. fxe5 dxe5 13. Rhf1 Nd7 14. Rxd7 Qxd7 15. Rd1 Qe7 16. Nb5 f6 17. h4 a6 18. Nc3 Rd8 19. Rxd8+ Kxd8 20. Qe3 Qb4 21. Qh6 Kc8 22. Bd3 Kb8 23. a3 Qe7 24. Qe3 Rd8 25. Qf2 h5 26. g3 Rf8 27. Na4 f5 28. exf5 gxf5 29. Nc3 e4 30. Be2 Qf7 31. Qc5 Rd8 32. Qe5 Qd7 33. Kb1 Bf7 34. Qf4 Qd2 35. Qf1 Qe3 36. Qxf5 Qg1+ 37. Qf1 Qxf1+ 38. Bxf1 e3 39. Kc1 Rg8 40. Ne4 Re8 41. Nc3 Rd8 42. Bd3 c5 43. a4 c4 44. Be2 Rd2 0-1

[Event "Provincial-ch Gandia Preferente"]
[Site "Gandia"]
[Date "2013.10.19"]
[Round "2"]
[White "Ferrer Berenguer, Ligorio"]
[Black "Castillo Pla, Emilio"]
[Result "1-0"]
[WhiteElo "2068"]
[BlackElo "1921"]
[PlyCount "121"]
[EventDate "2013.10.05"]
[EventType "swiss"]
[EventRounds "7"]
[EventCountry "ESP"]
[SourceTitle "EXT 2024"]
[Source "ChessBase"]
[SourceDate "2023.10.10"]
[SourceVersion "1"]
[SourceVersionDate "2023.10.10"]
[SourceQuality "1"]

1. d4 g6 2. c4 Bg7 3. Nc3 Nf6 4. e4 d6 5. f3 Nc6 6. Be3 a6 7. Qd2 Rb8 8. Bd3 0-0 9. Rc1 e5 10. Nge2 exd4 11. Nxd4 Ne5 12. Be2 c5 13. Nc2 Be6 14. b3 Qa5 15. a4 Rfe8 16. 0-0 Nc6 17. Nd1 Qxd2 18. Bxd2 Nd4 19. Nxd4 cxd4 20. Bf4 Rbd8 21. Bd3 b6 22. Nf2 a5 23. Rfd1 Nh5 24. Bd2 Be5 25. g3 f5 26. Bg5 Rd7 27. exf5 gxf5 28. f4 Bg7 29. Re1 Kf7 30. c5 bxc5 31. Bb5 Nf6 32. Bxf6 Bxf6 33. Bxd7 Bxd7 34. Rxe8 Bxe8 35. Nd3 Bc6 36. Nb2 Be4 37. Nc4 Ke6 38. Kf2 Bd8 39. Re1 Kd5 40. Nd2 Bd3 41. Re8 Bf6 42. Rf8 Ke6 43. Ra8 d5 44. Rxa5 c4 45. Ra6+ Kf7 46. Rc6 c3 47. Nf3 Bc2 48. a5 d3 49. Ke1 Bxb3 50. a6 d2+ 51. Nxd2 cxd2+ 52. Kxd2 Bd4 53. a7 Bxa7 54. Rc7+ Kg6 55. Rxa7 h5 56. Ra6+ Kg7 57. h4 Bc4 58. Rd6 Ba2 59. Ke3 Kf7 60. Rh6 Bb1 61. Rxh5 1-0

[Event "Mislata op-B 20th"]
[Site "Mislata"]
[Date "2012.08.14"]
[Round "2"]
[White "Romero Calduch, Sergio"]
[Black "Castillo Pla, Emilio"]
[Result "1-0"]
[WhiteElo "1972"]
[BlackElo "1913"]
[PlyCount "67"]
[EventDate "2012.08.13"]
[EventType "swiss"]
[EventRounds "9"]
[EventCountry "ESP"]
[SourceTitle "EXT 2013"]
[Source "ChessBase"]
[SourceDate "2012.11.22"]
[SourceVersion "1"]
[SourceVersionDate "2012.11.22"]
[SourceQuality "1"]

1. d4 g6 2. c4 Bg7 3. Nc3 d6 4. e4 Nf6 5. f4 0-0 6. Nf3 Na6 7. Be2 c5 8. d5 Bg4 9. 0-0 Nc7 10. h3 Bxf3 11. Bxf3 Nd7 12. Qd3 a6 13. a4 Rb8 14. Be3 b6 15. Bf2 Qe8 16. Bg3 g5 17. fxg5 Ne5 18. Qe2 Rb7 19. Bg4 Qb8 20. Bf5 Ng6 21. h4 b5 22. cxb5 axb5 23. a5 b4 24. Na4 Nb5 25. Nb6 Nd4 26. Qd1 Rxb6 27. axb6 Qxb6 28. Kh1 Qb5 29. h5 Ne5 30. h6 Bh8 31. Bxe5 Bxe5 32. Qh5 Nxf5 33. Rxf5 Qd3 34. Raf1 1-0

[Event "Provincial-ch Gandia Preferente"]
[Site "Valencia"]
[Date "2011.11.26"]
[Round "7"]
[White "Castillo Pla, Emilio"]
[Black "Moscardo Vaya, Salvador"]
[Result "0-1"]
[WhiteElo "1948"]
[BlackElo "1913"]
[PlyCount "88"]
[EventDate "2011.10.01"]
[EventType "swiss"]
[EventRounds "7"]
[EventCountry "ESP"]
[SourceTitle "EXT 2024"]
[Source "ChessBase"]
[SourceDate "2023.10.10"]
[SourceVersion "1"]
[SourceVersionDate "2023.10.10"]
[SourceQuality "1"]

1. e4 e5 2. Nc3 Nf6 3. g3 Bc5 4. Bg2 d6 5. Nge2 Nc6 6. 0-0 Bg4 7. h3 Bh5 8. Kh2 Nd4 9. f3 Ne6 10. d3 h6 11. a3 a6 12. b4 Ba7 13. Nd5 g5 14. c3 c6 15. Ne3 Bg6 16. d4 exd4 17. cxd4 d5 18. e5 Nd7 19. Bb2 Nxe5 20. f4 gxf4 21. Nxf4 Nxf4 22. gxf4 Nc4 23. Nxc4 dxc4 24. Qe2+ Kf8 25. Qxc4 Rg8 26. Rad1 Rc8 27. Qe2 Qe8 28. Qd2 Be4 29. Bxe4 Qxe4 30. Rde1 Qg6 31. Rg1 Qe6 32. Rxg8+ Kxg8 33. Re5 Bb8 34. Bc1 Qf6 35. Re2 Rd8 36. Rg2+ Kf8 37. Qf2 Rxd4 38. Rg4 h5 39. Rh4 Rd5 40. Bb2 Qd8 41. Bc3 f6 42. Qf3 Qe8 43. Bxf6 Rd2+ 44. Kg3 Qe1+ 0-1

[Event "Provincial-ch Gandia Preferente"]
[Site "Valencia"]
[Date "2011.10.15"]
[Round "2"]
[White "Castillo Pla, Emilio"]
[Black "Frasquet Solbes, Elias"]
[Result "0-1"]
[WhiteElo "1948"]
[BlackElo "2109"]
[PlyCount "94"]
[EventDate "2011.10.01"]
[EventType "swiss"]
[EventRounds "7"]
[EventCountry "ESP"]
[SourceTitle "EXT 2024"]
[Source "ChessBase"]
[SourceDate "2023.10.10"]
[SourceVersion "1"]
[SourceVersionDate "2023.10.10"]
[SourceQuality "1"]

1. e4 c5 2. c3 e6 3. Nf3 Nf6 4. d3 d5 5. Nbd2 Nc6 6. Be2 Be7 7. 0-0 0-0 8. Re1 Re8 9. Qc2 Bf8 10. Nf1 e5 11. Ng3 d4 12. c4 g6 13. a3 Bg7 14. Bd2 a5 15. b3 Qe7 16. Rab1 Nd7 17. h4 Nf8 18. h5 Ne6 19. Qc1 Ra6 20. Nh2 Qc7 21. Bg4 Nf4 22. Qc2 Be6 23. hxg6 fxg6 24. Bxe6+ Nxe6 25. Ng4 Rf8 26. Ne2 h5 27. Nh6+ Kh7 28. Qc1 Nf4 29. Nxf4 exf4 30. e5 Bxh6 31. e6 Ne7 32. b4 axb4 33. axb4 b6 34. bxc5 bxc5 35. Rb5 Rf6 36. Re4 Raxe6 37. Qe1 Qd7 38. Rxc5 Rxe4 39. Qxe4 Re6 40. Re5 Rxe5 41. Qxe5 g5 42. Qe4+ Ng6 43. c5 Bg7 44. c6 Qc7 45. Qd5 Ne5 46. Qe4+ Kh8 47. Qxd4 Nf3+ 0-1

[Event "Almansa op-B 6th"]
[Site "Almansa"]
[Date "2011.08.12"]
[Round "7.2"]
[White "Alcaraz Cordoba, Sergio"]
[Black "Castillo Pla, Emilio"]
[Result "0-1"]
[WhiteElo "1959"]
[BlackElo "1918"]
[PlyCount "70"]
[EventDate "2011.08.09"]
[EventType "swiss"]
[EventRounds "9"]
[EventCountry "ESP"]
[SourceTitle "EXT 2024"]
[Source "ChessBase"]
[SourceDate "2023.10.10"]
[SourceVersion "1"]
[SourceVersionDate "2023.10.10"]
[SourceQuality "1"]

1. e4 g6 2. Nc3 Bg7 3. g3 c5 4. Bg2 Nc6 5. d3 d6 6. f4 e6 7. Nf3 Nge7 8. h4 h5 9. Be3 Nd4 10. Qd2 Nec6 11. 0-0 0-0 12. Nd1 Nxf3+ 13. Bxf3 Bd7 14. c3 Rc8 15. a4 b6 16. Qf2 Qe8 17. Rb1 Ne7 18. b3 d5 19. a5 f5 20. axb6 axb6 21. e5 Nc6 22. b4 d4 23. Bxc6 dxe3 24. Qxe3 Rxc6 25. bxc5 bxc5 26. Nb2 Qe7 27. Nc4 Rfc8 28. Nd6 Rxd6 29. exd6 Qxd6 30. Rb3 e5 31. Kh2 Re8 32. c4 exf4 33. Qxf4 Re2+ 34. Kh3 Be5 35. Qg5 f4+ 0-1

[Event "Almansa op-B 6th"]
[Site "Almansa"]
[Date "2011.08.10"]
[Round "3.10"]
[White "Castillo Pla, Emilio"]
[Black "Raimundo Medina, Fermin"]
[Result "1-0"]
[WhiteElo "1918"]
[BlackElo "1693"]
[PlyCount "73"]
[EventDate "2011.08.09"]
[EventType "swiss"]
[EventRounds "9"]
[EventCountry "ESP"]
[SourceTitle "EXT 2024"]
[Source "ChessBase"]
[SourceDate "2023.10.10"]
[SourceVersion "1"]
[SourceVersionDate "2023.10.10"]
[SourceQuality "1"]

1. e4 c6 2. d3 d5 3. Nd2 e5 4. Ngf3 Bg4 5. h3 Bxf3 6. Qxf3 Nf6 7. g3 Bb4 8. c3 Ba5 9. b4 Bc7 10. Rb1 b5 11. Bg2 a5 12. a3 axb4 13. cxb4 0-0 14. 0-0 Nbd7 15. Nb3 d4 16. Qe2 Bd6 17. Bb2 Nb6 18. Na5 Qc7 19. Rbc1 c5 20. bxc5 Bxc5 21. Nb3 Nfd7 22. Rc2 Qd6 23. Nxc5 Nxc5 24. f4 f6 25. Rf3 Nba4 26. Qd1 Nxb2 27. Rxb2 Qa6 28. Qb1 Na4 29. Rxb5 Nc3 30. Qb3+ Kh8 31. Rb6 Qxa3 32. Qxa3 Rxa3 33. fxe5 Ra1+ 34. Kh2 Rfa8 35. Re6 Kg8 36. exf6 Rd1 37. f7+ 1-0

[Event "Provincial-ch Gandia Preferente"]
[Site "Valencia Gandia"]
[Date "2010.11.20"]
[Round "7"]
[White "Canamas Soler, Jose Vicente"]
[Black "Castillo Pla, Emilio"]
[Result "1-0"]
[WhiteElo "1950"]
[BlackElo "1904"]
[PlyCount "65"]
[EventDate "2010.10.02"]
[EventType "swiss"]
[EventRounds "7"]
[EventCountry "ESP"]
[SourceTitle "EXT 2024"]
[Source "ChessBase"]
[SourceDate "2023.10.10"]
[SourceVersion "1"]
[SourceVersionDate "2023.10.10"]
[SourceQuality "1"]

1. e4 g6 2. d4 Bg7 3. Nf3 d6 4. Nc3 c6 5. a4 Nd7 6. h3 b6 7. Be2 Bb7 8. 0-0 a6 9. Be3 b5 10. Qd2 Rc8 11. Rfd1 b4 12. Na2 a5 13. c3 Ngf6 14. e5 bxc3 15. bxc3 dxe5 16. dxe5 Ne4 17. Qc2 c5 18. Bd3 Nxc3 19. Nxc3 Bxf3 20. gxf3 c4 21. Be4 Bxe5 22. Rab1 Rb8 23. Bc6 Bd6 24. Ne4 Rxb1 25. Qxb1 Qc7 26. Nxd6+ exd6 27. Qb5 Ke7 28. Bf4 Ne5 29. Bxe5 dxe5 30. Rd7+ Qxd7 31. Bxd7 Rd8 32. Bc6 f6 33. Qxc4 1-0

[Event "Valencia Autonomico Sur-A"]
[Site "Valencia"]
[Date "2009.02.07"]
[Round "5.6"]
[White "Castillo Pla, Emilio"]
[Black "Cortell Canet, Miguel"]
[Result "1-0"]
[WhiteElo "1953"]
[BlackElo "1982"]
[PlyCount "73"]
[EventDate "2009.01.10"]
[EventType "team-tourn"]
[EventRounds "5"]
[EventCountry "ESP"]
[SourceTitle "EXT 2011"]
[Source "ChessBase"]
[SourceDate "2010.11.26"]
[SourceVersion "1"]
[SourceVersionDate "2010.11.26"]
[SourceQuality "1"]

1. e4 c5 2. c3 e6 3. d4 cxd4 4. cxd4 d5 5. e5 Nc6 6. Nf3 Bb4+ 7. Nc3 Nge7 8. a3 Ba5 9. b4 Bc7 10. Be2 0-0 11. 0-0 a6 12. Be3 Nf5 13. Rc1 Nxe3 14. fxe3 Qe7 15. Na4 Bd7 16. Nc5 Rab8 17. Qb3 Rfc8 18. Rc3 Be8 19. Rfc1 Bd8 20. Bd3 h6 21. e4 dxe4 22. Bxe4 Na7 23. a4 Bc6 24. Bb1 g6 25. Ne4 Bxe4 26. Bxe4 Rxc3 27. Rxc3 Rc8 28. Rxc8 Nxc8 29. d5 Bb6+ 30. Kf1 exd5 31. Bxd5 Kh7 32. a5 Bc7 33. Bxf7 Bxe5 34. Be6 Qc7 35. Bxc8 Qxc8 36. Nxe5 Qc1+ 37. Ke2 1-0

[Event "Valencia Autonomico-B"]
[Site "Valencia"]
[Date "2004.01.24"]
[Round "2.8"]
[White "Lopez Mateo, Pedro Antonio"]
[Black "Castillo Pla, Emilio"]
[Result "1-0"]
[WhiteElo "2281"]
[BlackElo "1960"]
[PlyCount "59"]
[EventDate "2004.01.17"]
[EventType "team"]
[EventRounds "5"]
[EventCountry "ESP"]
[SourceTitle "CBM 098 Extra"]
[Source "ChessBase"]
[SourceDate "2004.03.10"]
[SourceVersion "2"]
[SourceVersionDate "2004.03.10"]
[SourceQuality "1"]

1. e4 g6 2. d4 Bg7 3. Nc3 d6 4. Be3 Nf6 5. f3 Nc6 6. Qd2 0-0 7. 0-0-0 a6 8. Bh6 b5 9. h4 e5 10. d5 Nd4 11. Nce2 c5 12. h5 b4 13. Nxd4 cxd4 14. g4 Qe7 15. Bd3 Bd7 16. Ne2 a5 17. Ng3 a4 18. Rdg1 b3 19. a3 Rac8 20. Kb1 bxc2+ 21. Kc1 Qd8 22. Bxg7 Kxg7 23. hxg6 fxg6 24. Qh6+ Kf7 25. g5 Qb6 26. gxf6 Kxf6 27. Qh4+ Kf7 28. Qxh7+ Ke8 29. Qxg6+ Kd8 30. Rh2 1-0